000 00295nam a22001337a 4500
020 _a0-440-22504-3
082 _a823
_bROB/M
100 _aROBARDS,KAREN
245 _aTHE MIDNIGHT HOUR
260 _aNEW YORK
_bDELL PUBLISHING
300 _a454
650 _aENGLISH NOVEL
_zNEW YORK
942 _cBK
999 _c3316
_d3316